Statistics for NBA Random Questions #2

Click here to take the quiz!

General Stats

  • This quiz has been taken 35 times
  • The average score is 12 of 15

Answer Stats

QuestionAnswer% Correct
Which is Giannis Antetokounmpo's nickname?The Greek Freak
100%
Which team drafted Kevin Durant? (2007)Seattle SuperSonics
96%
How many are the highest points ever scored in one game?100
93%
How many rings did Michael Jordan win?6
93%
Which team's slogan is #We The NorthToronto Raptors
89%
Which NBA team has the best record ever? (73-9)Golden State Warriors
85%
Which team's mascot is ''The Coyote''San Antonio Spurs
81%
Which player is in the logo of NBA?Jerry West
81%
Which of these teams has not an NBA ChampionshipToronto Raptors
74%
How many points was Wilt Chamberlain averaging in his third season (1961-62)?50.4
74%
Who was 2015's NBA Draft first pick?Karl-Anthony Towns
70%
What # Pick was Giannis Antetokounmpo?15
63%
Which of these players have the number 21?Joel Embiid
63%
Which of these Celebrities is a big fan of Houston Rockets?Travis Scott
59%
Which is Denver Nuggets's stadium?Pepsi Center
48%

Score Distribution

Percentile by Number Answered

Percent of People with Each Score

Your Score History

You have not taken this quiz